|
|
|
|
| LEADER |
00000cam a2200000 7i4500 |
| 001 |
0000034708 |
| 005 |
20230806093000.0 |
| 008 |
021119s1982 |
| 022 |
0 |
|
|a 02614448
|
| 090 |
0 |
0 |
|a PB35
|b .L32 ff
|
| 245 |
0 |
0 |
|a Language teaching
|
| 260 |
2 |
|
|a London :
|b Cambridge University Press ,
|c 1982-
|
| 310 |
|
|
|a Quarterly
|
| 362 |
|
|
|a Began with: Vol. 15, no. 1 (Jan. 1982)-
|
| 650 |
|
0 |
|a Linguistics
|x Periodicals
|
| 650 |
|
0 |
|a Language and languages
|x Study and teaching
|v Periodicals
|
| 780 |
0 |
0 |
|a Language teaching & linguistics, abstract (0306-6304)
|
| 999 |
|
|
|a 1000076616
|b Serials
|c Reference
|e Gong Badak Campus
|
| 999 |
|
|
|a 1000081747
|b Serials
|c Reference
|e Gong Badak Campus
|
| 999 |
|
|
|a 1000085485
|b Serials
|c Reference
|e Gong Badak Campus
|
| 999 |
|
|
|a 1000086739
|b Serials
|c Reference
|e Gong Badak Campus
|
| 999 |
|
|
|a 1000104555
|b Serials
|c Reference
|e Gong Badak Campus
|
| 999 |
|
|
|a 1000107493
|b Serials
|c Reference
|e Gong Badak Campus
|
| 999 |
|
|
|a 1000113463
|b Serials
|c Reference
|e Gong Badak Campus
|
| 999 |
|
|
|a 1000154500
|b Serials
|c Reference
|e Gong Badak Campus
|